Ausländergesetz und Resozialisierung

Saved in:  
Bibliographic Details
Main Author: Köpcke-Duttler, Arnold 1942- (Author)
Format: Print Article
Language:German
Published: 1993
In: Kriminalpädagogische Praxis
Year: 1993, Volume: 21, Issue: 34, Pages: 27-32
Check availability: HBZ Gateway
Keywords:

MARC

LEADER 00000caa a22000002c 4500
001 1640214011
003 DE-627
005 20220608131414.0
007 tu
008 160223s1993 xx ||||| 00| ||ger c
035 |a (DE-627)1640214011 
035 |a (DE-576)456085645 
035 |a (DE-599)BSZ456085645 
040 |a DE-627  |b ger  |c DE-627  |e rakwb 
041 |a ger 
100 1 |a Köpcke-Duttler, Arnold  |d 1942-  |0 (DE-588)109726766  |0 (DE-627)53749183X  |0 (DE-576)164526552  |4 aut 
109 |a Köpcke-Duttler, Arnold 1942-  |a Duttler, Arnold Köpcke- 1942-  |a Duttler, Arnold K.- 1942- 
245 1 0 |a Ausländergesetz und Resozialisierung  |c Arnold Köpcke-Duttler 
264 1 |c 1993 
336 |a Text  |b txt  |2 rdacontent 
337 |a ohne Hilfsmittel zu benutzen  |b n  |2 rdamedia 
338 |a Band  |b nc  |2 rdacarrier 
773 0 8 |i In  |t Kriminalpädagogische Praxis  |d Lingen : Kriminalpädagog. Verl., 1971  |g 21(1993), 34, Seite 27-32  |w (DE-627)130192422  |w (DE-600)529798-9  |w (DE-576)015736148  |x 0721-1279  |7 nnas 
773 1 8 |g volume:21  |g year:1993  |g number:34  |g pages:27-32 
935 |a mkri 
951 |a AR 
ELC |b 1 
LOK |0 000 xxxxxcx a22 zn 4500 
LOK |0 001 3301659810 
LOK |0 003 DE-627 
LOK |0 004 1640214011 
LOK |0 005 20250819110208 
LOK |0 008 160208||||||||||||||||ger||||||| 
LOK |0 040   |a DE-21-110  |c DE-627  |d DE-21-110 
LOK |0 689   |a s  |a Ausländerkriminalität 
LOK |0 689   |a s  |a Ausländerrecht 
LOK |0 689   |a s  |a Ausweisung 
LOK |0 689   |a s  |a Ausländerrechtliche Massnahmen 
LOK |0 689   |a s  |a Ausländer 
LOK |0 852   |a DE-21-110 
LOK |0 852 1  |m p  |9 00 
LOK |0 935   |a k110 
LOK |0 938   |k p 
LOK |0 939   |a 08-02-16  |b l01 
ORI |a SA-MARC-krimdoka001.raw